000 00346 a2200157 4500
001 60345
020 _a
040 _cAnchieta - Pituba
100 _aSantos, Maria Augusta dos
240 1 0 _aFuga na Mata Atlântica
_lpor
245 1 0 _aFuga na Mata Atlântica
300 _a76
362 0 _a2001
650 4 _aLiteratura juvenil
942 _cBK
999 _c60345
_d60345